grupy premier league 2022 i 2023 - Statystyki

Ogólne statystyki
  • Ten quiz został rozwiązany 28 razy
  • Średni wynik to 12 z 20
Statystyki odpowiedzi
Odpowiedź % Poprawnych
chelsea
100%
manchester city
96%
manchester united
96%
arsenal
93%
liverpool
81%
tottenham
81%
newcastle
78%
southampton
63%
brighton
56%
everton
56%
leicester
56%
west ham
56%
aston villa
52%
fullham
52%
nottingham forest
48%
wolverhampton
48%
brentford
44%
crystal palace
44%
leeds
37%
bourlemouth
0%
Nie znaleziono quizów pasujących do podanych kryteriów
Rozkład punktacji
Procent ludzi z każdym wynikiem
Percentyl według liczby udzielonych odpowiedzi
Twoja historia wyników
Nie rozwiązałeś tego quizu